| 000 | 00637nam a2200193Ia 4500 | ||
|---|---|---|---|
| 008 | 191130s2005##################000#0#eng## | ||
| 020 | _a9788131506523 | ||
| 040 |
_aACL _cACL |
||
| 082 | _a791.45024 ALT | ||
| 100 | _aAlten, Stanley R | ||
| 245 |
_aAudio in media : principles, technology and production _cStanley R. Alten |
||
| 260 |
_aBelmont, CA _bWadsworth Cengage Learning _c2005 |
||
| 300 | _a531 p. : ill. ; 25 cm | ||
| 500 | _aIncludes bibliographical references (p. 445-453) and index | ||
| 650 | _aSound - Recording and reproducing | ||
| 990 | _ad527bfdaac10000c0962538224ff1656 | ||
| 991 | _a366706 | ||
| 999 |
_c375562 _d375562 |
||